[Event "SC Rochade Rüttenscheid 1 - SV Welper 2"]
[Site "Verbandsklasse - Gruppe 3 201"]
[Date "2019.03.24"]
[Round "8.6"]
[White "Kiparski, Manuel"]
[Black "Kleff, Tim"]
[Result "1-0"]
[WhiteElo "1790"]
[BlackElo "1769"]
[PlyCount "63"]
[EventDate "2019.??.??"]

1. d4 d5 2. Nf3 Nf6 3. e3 e6 4. Bd3 Bd6 5. c3 b6 6. Nbd2 Bb7 7. Qe2 Ne4 8. Bc2
Nd7 9. Nxe4 dxe4 10. Nd2 f5 11. Nc4 Qg5 12. Nxd6+ cxd6 13. Rg1 O-O 14. Bd2 Qg4
15. Qb5 Nf6 16. h3 Qh4 17. Bb3 Nd5 18. Qd7 Bc8 19. Qxd6 Rd8 20. Qh2 Ba6 21. c4
Nf6 22. Qe5 Re8 23. Ba4 Bxc4 24. Bxe8 Ng4 25. hxg4 Qxg4 26. Bh5 Qxh5 27. g4 Qh3
28. gxf5 g6 29. fxg6 hxg6 30. Rxg6+ Kf7 31. Rg7+ Kf8 32. Qf6+ 1-0

[Event "SC Rochade Rüttenscheid 1 - SV Welper 2"]
[Site "Verbandsklasse - Gruppe 3 201"]
[Date "2019.03.24"]
[Round "8.7"]
[White "Hoettler, Alexander Walter"]
[Black "Bruckmann, Jochen"]
[Result "1-0"]
[WhiteElo "1675"]
[BlackElo "1773"]
[Annotator "Daniel"]
[PlyCount "101"]
[EventDate "2019.??.??"]

1. e4 b6 2. d4 e6 3. Nc3 Bb7 4. Be3 Bb4 5. Bd3 Nf6 6. f3 c5 7. a3 Bxc3+ 8. bxc3
d6 9. Qe2 Nbd7 10. Nh3 h6 11. O-O O-O 12. Qf2 Qe7 13. g4 Nh7 14. Qg3 g5 15. f4
c4 16. Bxc4 Bxe4 17. Bd3 Bxd3 18. cxd3 f6 19. f5 e5 20. d5 Nc5 21. Bxc5 dxc5
22. Nf2 Rac8 23. c4 Kg7 $11 24. Ne4 Qd7 25. a4 a6 26. Qh3 Rh8 27. Rab1 Rb8 28.
Qh5 Qf7 29. Qh3 Qd7 30. Rb2 Rhc8 31. Qh5 Nf8 32. Nxf6 Kxf6 33. Qxh6+ Kf7 34.
Qxg5 Qe7 35. f6 Qc7 36. Qg7+ Ke8 37. Re1 Qxg7 38. fxg7 Kf7 39. gxf8=Q+ Rxf8 40.
Rxe5 b5 41. Rf5+ Kg7 42. Rxf8 Kxf8 43. axb5 axb5 44. Rxb5 Rc8 45. Kf2 Kf7 46.
Kf3 Kf6 47. Kf4 Rc7 48. Rb6+ Kf7 49. Kf5 Ke8 50. d6 Rh7 51. Rb8+ 1-0

[Event "SC Rochade Rüttenscheid 1 - SV Welper 2"]
[Site "Verbandsklasse - Gruppe 3 201"]
[Date "2019.03.24"]
[Round "8.8"]
[White "Furchtbar, Uwe"]
[Black "Berke, Martin"]
[Result "1/2-1/2"]
[WhiteElo "1778"]
[BlackElo "1744"]
[PlyCount "68"]
[EventDate "2019.??.??"]

1. e4 c5 2. Nc3 Nc6 3. f4 e6 4. Nf3 a6 5. d4 cxd4 6. Nxd4 Qc7 7. Nb3 b5 8. Be3
d6 9. Be2 Nf6 10. Bf3 Bb7 11. O-O Be7 12. Qd2 O-O 13. Rad1 Rfd8 14. Qf2 Nd7 15.
g4 Rac8 16. Rd2 Na5 17. Nxa5 Qxa5 18. e5 Bxf3 19. exd6 Bxd6 20. Qxf3 Nb6 21.
Bxb6 Qxb6+ 22. Kg2 Bb4 23. Rfd1 Rxd2+ 24. Rxd2 g6 25. Rd3 Qc6 26. Rd8+ Kg7 27.
Rxc8 Qxc8 28. Qd3 Qc6+ 29. Ne4 Be7 30. Kg3 Qd5 31. Qc3+ Kg8 32. Qc8+ Kg7 33.
Qc3+ Kg8 34. Qc8+ Kg7 1/2-1/2

[Event "SF Kirchhellen 1 - SV Unna 1"]
[Site "Verbandsklasse - Gruppe 3 201"]
[Date "2019.03.24"]
[Round "8.1"]
[White "Barskij, Aleksandr"]
[Black "Sinnwell, Horst"]
[Result "1/2-1/2"]
[WhiteElo "1914"]
[BlackElo "2037"]
[PlyCount "35"]
[EventDate "2019.??.??"]

1. e4 e6 2. d4 d5 3. Nd2 dxe4 4. Nxe4 Nd7 5. Nf3 Ngf6 6. Nxf6+ Nxf6 7. c3 Be7
8. Bd3 O-O 9. Bf4 c5 10. Qe2 cxd4 11. Nxd4 Qd5 12. O-O Bd7 13. Be5 Bc6 14. Nxc6
Qxc6 15. Bb5 Qb6 16. Rad1 a6 17. Bd3 Rad8 18. Qc2 1/2-1/2

[Event "SF Kirchhellen 1 - SV Unna 1"]
[Site "Verbandsklasse - Gruppe 3 201"]
[Date "2019.03.24"]
[Round "8.2"]
[White "Hoffterheide, Thomas"]
[Black "Solberg, Kirsten"]
[Result "1-0"]
[WhiteElo "1970"]
[BlackElo "1823"]
[PlyCount "75"]
[EventDate "2019.??.??"]

1. e4 c5 2. Nf3 d6 3. d4 cxd4 4. Nxd4 Nf6 5. Nc3 g6 6. f3 Bg7 7. Be3 Nc6 8. Qd2
O-O 9. O-O-O Nxd4 10. Bxd4 Be6 11. h4 Qa5 12. Kb1 Rfe8 13. g4 Rac8 14. a3 a6
15. h5 b5 16. hxg6 fxg6 17. Nd5 Qxd2 18. Nxf6+ exf6 19. Rxd2 d5 20. Bd3 dxe4
21. Bxe4 Rcd8 22. Bc6 Re7 23. Bxf6 Rxd2 24. Bxe7 Re2 25. Bb4 Bf6 26. Bb7 h5 27.
gxh5 gxh5 28. Rxh5 Rf2 29. Rh1 Bf5 30. Bd5+ Kg7 31. Rg1+ Kh6 32. Be4 Bxe4 33.
fxe4 Bd4 34. Rd1 Be5 35. Bd6 Bg7 36. e5 Re2 37. Bc7 Bf8 38. Rd8 1-0

[Event "SF Kirchhellen 1 - SV Unna 1"]
[Site "Verbandsklasse - Gruppe 3 201"]
[Date "2019.03.24"]
[Round "8.3"]
[White "Reininghaus, Dennis"]
[Black "Borgs, Martin"]
[Result "1/2-1/2"]
[WhiteElo "1742"]
[BlackElo "1969"]
[PlyCount "30"]
[EventDate "2019.??.??"]

1. d4 Nf6 2. Nf3 e6 3. e3 b6 4. Bd3 Bb7 5. b3 d5 6. Bb2 Bd6 7. Nbd2 O-O 8. O-O
Nbd7 9. Ne5 Qe7 10. a4 Ne4 11. f4 f5 12. Bxe4 fxe4 13. a5 a6 14. Qe2 Rac8 15.
Rfc1 Rfd8 1/2-1/2

[Event "SF Kirchhellen 1 - SV Unna 1"]
[Site "Verbandsklasse - Gruppe 3 201"]
[Date "2019.03.24"]
[Round "8.5"]
[White "Bochynek, Josua Peter"]
[Black "Belitz, Marco"]
[Result "1/2-1/2"]
[WhiteElo "1590"]
[BlackElo "1815"]
[PlyCount "31"]
[EventDate "2019.??.??"]

1. b4 g6 2. Bb2 Nf6 3. c4 Bg7 4. e3 O-O 5. Be2 d6 6. Nf3 e5 7. d3 Nc6 8. b5 Ne7
9. Nbd2 c5 10. O-O Nh5 11. Ne1 Nf6 12. Nef3 Nd7 13. Ne4 Qc7 14. d4 f5 15. dxc5
Nxc5 16. Qxd6 1/2-1/2

[Event "SF Kirchhellen 1 - SV Unna 1"]
[Site "Verbandsklasse - Gruppe 3 201"]
[Date "2019.03.24"]
[Round "8.6"]
[White "Gajda, Peter"]
[Black "Conradi, Rolf"]
[Result "1-0"]
[WhiteElo "1829"]
[BlackElo "1257"]
[PlyCount "45"]
[EventDate "2019.??.??"]

1. e4 e5 2. Nf3 Nc6 3. Bb5 Nf6 4. O-O a6 5. Bxc6 bxc6 6. Nxe5 Bc5 7. d4 Ba7 8.
c3 Bb7 9. Qb3 O-O 10. Qxb7 Bb6 11. Nxc6 dxc6 12. Qxc6 Re8 13. e5 Re6 14. Qf3
Nd5 15. Nd2 c5 16. Nc4 Ba7 17. Nd6 Rxd6 18. exd6 Qxd6 19. c4 Bb8 20. g3 Nc7 21.
Bf4 Qd8 22. d5 Qf6 23. d6 1-0

[Event "SF Kirchhellen 1 - SV Unna 1"]
[Site "Verbandsklasse - Gruppe 3 201"]
[Date "2019.03.24"]
[Round "8.7"]
[White "Von der Brelie, Elias"]
[Black "Langer, Raimund"]
[Result "1/2-1/2"]
[WhiteElo "981"]
[BlackElo "1777"]
[PlyCount "42"]
[EventDate "2019.??.??"]

1. d4 Nf6 2. Bf4 d5 3. e3 e6 4. Nf3 c5 5. Nbd2 Nc6 6. c3 cxd4 7. cxd4 Be7 8. h3
h6 9. Bd3 O-O 10. O-O Bd6 11. Bxd6 Qxd6 12. a3 b6 13. Re1 Bb7 14. Rc1 e5 15.
dxe5 Nxe5 16. Nxe5 Qxe5 17. Rc2 Rfc8 18. Nf3 Qe7 19. Qe2 Rxc2 20. Bxc2 Rc8 21.
Nd4 Qc5 1/2-1/2

[Event "SC Listiger Bauer Essen 1 - SC Doppelba"]
[Site "Verbandsklasse - Gruppe 3 201"]
[Date "2019.03.24"]
[Round "8.1"]
[White "Koth, Stefan"]
[Black "Fink, Norbert"]
[Result "1-0"]
[WhiteElo "2029"]
[BlackElo "2037"]
[PlyCount "101"]
[EventDate "2019.??.??"]

1. c4 c6 2. Nc3 d6 3. d4 g6 4. e4 Bg7 5. Be3 Nf6 6. f3 Nbd7 7. Qd2 O-O 8. Nge2
e5 9. d5 cxd5 10. cxd5 b6 11. Nb5 Ba6 12. Nec3 Ne8 13. Nxd6 Bxf1 14. Nxe8 Bxg2
15. Qxg2 Rxe8 16. O-O Nf6 17. Rac1 Qd7 18. Qe2 Rec8 19. a3 Nh5 20. Kg2 Qe7 21.
Qa6 Nf4+ 22. Bxf4 exf4 23. Qd3 Be5 24. Rfd1 Rd8 25. Rc2 Rac8 26. Rdc1 Qf6 27.
b4 Bd4 28. Nb5 Rxc2+ 29. Qxc2 Be3 30. Rf1 Qe7 31. Rd1 Rd7 32. Nd4 f5 33. Ne6
fxe4 34. Qc8+ Kf7 35. Qh8 exf3+ 36. Kxf3 Rxd5 37. Rxd5 Qxe6 38. Qxh7+ Kf6 39.
Qh8+ Kf7 40. Qh7+ Kf6 41. Qd7 Qxd7 42. Rxd7 a5 43. Rd6+ Kf7 44. bxa5 bxa5 45.
Rd5 Bb6 46. h3 Ke6 47. Rb5 Bc7 48. a4 Kd7 49. Rg5 Kc6 50. Rxg6+ Kc5 51. Re6 1-0

[Event "SC Listiger Bauer Essen 1 - SC Doppelba"]
[Site "Verbandsklasse - Gruppe 3 201"]
[Date "2019.03.24"]
[Round "8.2"]
[White "Kunisch, Siegfried"]
[Black "Remmler, Volker"]
[Result "1-0"]
[WhiteElo "2041"]
[BlackElo "2059"]
[Annotator "Daniel"]
[PlyCount "75"]
[EventDate "2019.??.??"]

1. e4 g6 2. g3 Bg7 3. Bg2 c5 4. Nc3 Nc6 5. d3 d6 6. Be3 e6 7. Qd2 Nd4 8. f4 Ne7
9. Nd1 O-O 10. c3 Ndc6 11. Nf3 Rb8 12. O-O b6 13. d4 cxd4 14. cxd4 d5 15. e5
Na5 $11 16. Qe2 Bd7 17. g4 Qc7 18. Qf2 Rfc8 19. Qh4 Qd8 20. f5 exf5 21. Bg5
Nac6 22. h3 Qf8 23. Ne3 h6 24. Bf6 f4 25. Nd1 g5 26. Qh5 Ng6 27. Nc3 Be6 28.
Rad1 Nb4 29. Rf2 Rc6 30. h4 Qc8 31. Bh3 Rxc3 32. bxc3 Qxc3 33. hxg5 Nd3 34.
gxh6 Bxf6 35. exf6 Nxf2 36. h7+ Kh8 37. Qh6 Nxh3+ 38. Kh2 1-0

[Event "SC Listiger Bauer Essen 1 - SC Doppelba"]
[Site "Verbandsklasse - Gruppe 3 201"]
[Date "2019.03.24"]
[Round "8.3"]
[White "Schulz, Hartmut"]
[Black "Mandl, Stefan"]
[Result "1/2-1/2"]
[WhiteElo "2025"]
[BlackElo "1933"]
[PlyCount "82"]
[EventDate "2019.??.??"]

1. d4 g6 2. Nf3 Bg7 3. c3 c5 4. e4 cxd4 5. cxd4 Nf6 6. Nc3 d6 7. h3 O-O 8. Be2
a6 9. a4 b6 10. Be3 Bb7 11. Nd2 Nbd7 12. O-O Rc8 13. f4 Qc7 14. Rc1 Qb8 15. g4
Qa8 16. Bf3 e5 17. fxe5 dxe5 18. d5 Ne8 19. Qe2 Nd6 20. g5 b5 21. Bg4 Rcd8 22.
a5 Bc8 23. Na2 f5 24. gxf6 Nxf6 25. Bc5 Nxg4 26. hxg4 Bh6 27. Rxf8+ Bxf8 28.
Nb4 Nb7 29. Bxf8 Rxf8 30. Nc6 Nd6 31. Rf1 Rxf1+ 32. Qxf1 Bxg4 33. Qf6 Nf7 34.
Kg2 Bd7 35. Nf3 Bxc6 36. dxc6 Qc8 37. Kf2 Qc7 38. b4 Qa7+ 39. Ke2 Qc7 40. Kd3
Qc8 41. Ke2 Qc7 1/2-1/2

[Event "SC Listiger Bauer Essen 1 - SC Doppelba"]
[Site "Verbandsklasse - Gruppe 3 201"]
[Date "2019.03.24"]
[Round "8.4"]
[White "Ball, Joerg"]
[Black "Bracht, Michael"]
[Result "1-0"]
[WhiteElo "1895"]
[BlackElo "1950"]
[PlyCount "69"]
[EventDate "2019.??.??"]

1. e4 g6 2. d4 Bg7 3. Nc3 d6 4. f4 c6 5. Nf3 Nf6 6. Bd3 O-O 7. O-O b5 8. e5
dxe5 9. dxe5 Ng4 10. Qe2 b4 11. Ne4 Qb6+ 12. Kh1 Ba6 13. h3 Nh6 14. g4 Bxd3 15.
cxd3 f5 16. Be3 Qb5 17. Nf2 fxg4 18. hxg4 Qd5 19. Kg1 Nd7 20. d4 Rfc8 21. Rfd1
Nf8 22. Ng5 Nf7 23. Nge4 Nh6 24. b3 Nd7 25. Rac1 a5 26. Nc5 Nb6 27. Nfe4 Rf8
28. Ng5 Nf7 29. Nge6 Rfc8 30. Rf1 Nd7 31. f5 Ndxe5 32. dxe5 Qxe5 33. Qf2 gxf5
34. Bd4 Qd5 35. Bxg7 1-0

[Event "SC Listiger Bauer Essen 1 - SC Doppelba"]
[Site "Verbandsklasse - Gruppe 3 201"]
[Date "2019.03.24"]
[Round "8.5"]
[White "Zimmermann, Dirk"]
[Black "Wagner, Ole"]
[Result "1/2-1/2"]
[WhiteElo "1852"]
[BlackElo "1904"]
[PlyCount "35"]
[EventDate "2019.??.??"]

1. d4 Nf6 2. Bg5 Ne4 3. Bh4 d5 4. Nd2 Bf5 5. Nxe4 Bxe4 6. Nf3 c6 7. e3 Qb6 8.
Qc1 Nd7 9. Be2 h6 10. Bg3 e6 11. O-O Be7 12. c4 O-O 13. c5 Qd8 14. b4 Bxf3 15.
Bxf3 Bh4 16. Bd6 Be7 17. Bg3 Bh4 18. Bd6 1/2-1/2

[Event "SC Listiger Bauer Essen 1 - SC Doppelba"]
[Site "Verbandsklasse - Gruppe 3 201"]
[Date "2019.03.24"]
[Round "8.6"]
[White "Petri, Norbert"]
[Black "Deckert, Frank"]
[Result "1/2-1/2"]
[WhiteElo "1864"]
[BlackElo "1880"]
[PlyCount "36"]
[EventDate "2019.??.??"]

1. c4 Nf6 2. Nc3 e6 3. e4 d5 4. cxd5 exd5 5. e5 Ne4 6. Nf3 Bf5 7. d4 Bb4 8. Qb3
Bxc3+ 9. bxc3 b6 10. Ba3 Be6 11. Bb5+ c6 12. Bd3 c5 13. Qc2 O-O 14. Bxe4 dxe4
15. Qxe4 Bd5 16. Qe2 Re8 17. O-O Qc7 18. Rfe1 Nd7 1/2-1/2

[Event "SC Listiger Bauer Essen 1 - SC Doppelba"]
[Site "Verbandsklasse - Gruppe 3 201"]
[Date "2019.03.24"]
[Round "8.7"]
[White "Jochmann, Christian"]
[Black "Gunkel, Christian"]
[Result "1-0"]
[WhiteElo "1822"]
[BlackElo "1916"]
[PlyCount "75"]
[EventDate "2019.??.??"]

1. e4 e6 2. d4 d5 3. Nd2 Nf6 4. e5 Nfd7 5. Bd3 c5 6. c3 Nc6 7. Ne2 g6 8. Nf3
Bg7 9. h4 h5 10. Be3 b6 11. Nf4 Ne7 12. Ng5 Nf8 13. g4 hxg4 14. Qxg4 cxd4 15.
cxd4 Nf5 16. O-O-O Bh6 17. Kb1 Bd7 18. Nf3 Qe7 19. h5 Nxe3 20. fxe3 Bxf4 21.
exf4 Rxh5 22. Rxh5 gxh5 23. Qxh5 O-O-O 24. Qg5 Re8 25. a3 Kb7 26. Rh1 Qxg5 27.
Nxg5 Re7 28. Rh6 Be8 29. f5 exf5 30. Bxf5 Bb5 31. Rf6 Be8 32. Rd6 Bc6 33. Kc2
Rc7 34. Kd2 Re7 35. Ke3 Kc7 36. Kf4 a5 37. b4 axb4 38. axb4 1-0

[Event "Oberhausener SV 2 - SV Welper 1"]
[Site "Regionalliga 2018/2019"]
[Date "2019.04.07"]
[Round "9.1"]
[White "Fuellgrabe, Thomas"]
[Black "Krueger, Andre"]
[Result "1-0"]
[WhiteElo "2232"]
[BlackElo "1949"]
[PlyCount "45"]
[EventDate "2019.??.??"]

1. e4 c5 2. Nf3 Nc6 3. Bb5 g6 4. O-O Bg7 5. Re1 Nf6 6. e5 Nd5 7. Nc3 Nc7 8.
Bxc6 dxc6 9. Ne4 Ne6 10. d3 O-O 11. Be3 b6 12. Qd2 Nd4 13. Nxd4 cxd4 14. Bh6
Bb7 15. Qf4 c5 16. f3 Qd7 17. Nf6+ exf6 18. exf6 Bh8 19. Bxf8 Rxf8 20. Re7 Qc6
21. Rc7 Qd5 22. Re1 g5 23. Qe5 1-0

[Event "Oberhausener SV 2 - SV Welper 1"]
[Site "Regionalliga 2018/2019"]
[Date "2019.04.07"]
[Round "9.2"]
[White "Joergens, Markus"]
[Black "Sohlmann, Jan-Henning"]
[Result "0-1"]
[WhiteElo "1984"]
[BlackElo "2145"]
[PlyCount "78"]
[EventDate "2019.??.??"]

1. d4 Nf6 2. c4 g6 3. Nc3 Bg7 4. e4 d6 5. Be2 O-O 6. Bg5 c6 7. Qd2 e5 8. Nf3
Nbd7 9. Rd1 Re8 10. O-O Qc7 11. d5 c5 12. Ne1 a6 13. a3 Kh8 14. Nd3 Ng8 15. b4
b6 16. bxc5 Nxc5 17. Nxc5 bxc5 18. Rb1 f5 19. Qb2 f4 20. f3 Bf6 21. Bxf6+ Nxf6
22. Qb6 Qe7 23. Bd1 g5 24. Ba4 Rg8 25. Bc6 Ra7 26. Qa5 g4 27. Rb8 gxf3 28. Rxf3
Ng4 29. Nd1 Qh4 30. Rh3 Qg5 31. Rf3 Nxh2 32. Rf2 Qh4 33. Qc3 Rag7 34. Ba4 Rg3
35. Qa5 f3 36. Ne3 fxg2 37. Nxg2 Nf3+ 38. Kf1 Qh1+ 39. Ke2 Nd4+ 0-1

[Event "Oberhausener SV 2 - SV Welper 1"]
[Site "Regionalliga 2018/2019"]
[Date "2019.04.07"]
[Round "9.3"]
[White "Linde, Wolfgang"]
[Black "Weyh, Thomas"]
[Result "1/2-1/2"]
[WhiteElo "2149"]
[BlackElo "1969"]
[PlyCount "71"]
[EventDate "2019.??.??"]

1. e4 e5 2. Nf3 Nc6 3. Bb5 a6 4. Bxc6 dxc6 5. O-O Qf6 6. d4 exd4 7. Bg5 Qd6 8.
Nxd4 Be7 9. Be3 Nh6 10. f3 f5 11. Nc3 f4 12. Bf2 g5 13. Nb3 Be6 14. Qe2 Bxb3
15. axb3 Nf7 16. Rfd1 Qe6 17. Na4 b6 18. Rd2 h5 19. Rad1 g4 20. Bd4 Rg8 21. Kh1
Ng5 22. Nc3 gxf3 23. gxf3 Nh3 24. Qf1 Bb4 25. Rg2 Kf7 26. Qc4 Qxc4 27. bxc4
Bxc3 28. Bxc3 Ke6 29. Rdd2 Ng5 30. Rdf2 Rad8 31. h4 Nf7 32. Rxg8 Rxg8 33. Rg2
Rxg2 34. Kxg2 Nd6 35. b3 Nc8 36. Bd2 1/2-1/2

[Event "Oberhausener SV 2 - SV Welper 1"]
[Site "Regionalliga 2018/2019"]
[Date "2019.04.07"]
[Round "9.4"]
[White "Groß, Thomas"]
[Black "Schaller, Fabian"]
[Result "1/2-1/2"]
[WhiteElo "1996"]
[BlackElo "1983"]
[Annotator "Daniel"]
[PlyCount "65"]
[EventDate "2019.??.??"]

1. Nf3 c5 2. c4 g6 3. e4 Bg7 4. d4 cxd4 5. Nxd4 Nc6 6. Be3 d6 7. Be2 Nf6 8. Nc3
O-O 9. Qd2 Nxd4 10. Bxd4 Be6 11. O-O a6 12. Qe3 Rc8 13. Nd5 Bxd5 14. exd5 b5
15. Bxf6 Bxf6 16. cxb5 axb5 17. Bxb5 Bxb2 18. Rab1 Bf6 19. Bc6 Qa5 20. a4 Rb8
21. Rb5 Rxb5 22. axb5 Rb8 23. Rb1 Qb6 $11 24. Qxb6 Rxb6 25. Rb4 Kg7 26. Kf1 Bc3
27. Ra4 Kf6 28. Ke2 e6 29. Kd3 Be1 30. dxe6 fxe6 31. Re4 Ba5 32. Bd7 d5 33. Ra4
1/2-1/2

[Event "Oberhausener SV 2 - SV Welper 1"]
[Site "Regionalliga 2018/2019"]
[Date "2019.04.07"]
[Round "9.5"]
[White "Conrad, Joachim"]
[Black "Gerst, Michael"]
[Result "1/2-1/2"]
[WhiteElo "1998"]
[BlackElo "1910"]
[PlyCount "105"]
[EventDate "2019.??.??"]

1. d4 Nf6 2. Bg5 d5 3. e3 Bf5 4. Nf3 c6 5. c3 Nbd7 6. Nbd2 e6 7. Nh4 Bg4 8.
Qxg4 Nxg4 9. Bxd8 Rxd8 10. h3 Ngf6 11. Bd3 Bd6 12. Nhf3 O-O 13. O-O Rfe8 14.
Rfd1 e5 15. dxe5 Nxe5 16. Nxe5 Bxe5 17. Nf3 Bc7 18. a4 Nd7 19. Bc2 a6 20. Rd2
Nc5 21. Kf1 Ne4 22. Rd4 g6 23. Rb4 Ba5 24. Rb3 Nd6 25. Rd1 Kf8 26. Ra3 Ra8 27.
Nd2 Bc7 28. Bd3 Red8 29. Ke2 Ke7 30. Rda1 f5 31. b4 Ne4 32. Nf3 Rdc8 33. Rc1
Bd6 34. Ra2 Rd8 35. Nd2 Nxd2 36. Kxd2 Rdc8 37. Rcc2 Ke6 38. Be2 Be7 39. Rcb2
Bf8 40. Rb1 Be7 41. Rba1 Kd7 42. Rb1 Bf8 43. Bf3 Be7 44. Rab2 Bf6 45. Rb3 Kd6
46. Ke2 Bg7 47. Rd1 Ke6 48. b5 axb5 49. axb5 Ra2+ 50. Kf1 Rc7 51. bxc6 bxc6 52.
Rb6 Ra5 53. Rb3 1/2-1/2

[Event "Oberhausener SV 2 - SV Welper 1"]
[Site "Regionalliga 2018/2019"]
[Date "2019.04.07"]
[Round "9.6"]
[White "Stefaniak, Christian"]
[Black "Schaller, Torsten"]
[Result "1-0"]
[WhiteElo "1899"]
[BlackElo "1951"]
[PlyCount "55"]
[EventDate "2019.??.??"]

1. e4 c5 2. Nf3 e6 3. c3 d5 4. exd5 Qxd5 5. d4 Nc6 6. Be2 Nf6 7. O-O cxd4 8.
cxd4 Be7 9. Nc3 Qd6 10. a3 O-O 11. h3 b6 12. Be3 Bb7 13. b4 Rac8 14. Qb3 Rfd8
15. Rfd1 Qb8 16. Rac1 Qa8 17. Bc4 Rd7 18. Bg5 Nd8 19. Be2 Nd5 20. Bxe7 Rxe7 21.
Nxd5 Bxd5 22. Qe3 Rec7 23. Qf4 Rc2 24. Rxc2 Rxc2 25. Bd3 Rc3 26. Qh4 h6 27. Qe7
Bxf3 28. Qe8# 1-0

[Event "Oberhausener SV 2 - SV Welper 1"]
[Site "Regionalliga 2018/2019"]
[Date "2019.04.07"]
[Round "9.7"]
[White "Bastians, Felix"]
[Black "Seibert, Michael"]
[Result "1/2-1/2"]
[WhiteElo "2088"]
[BlackElo "1936"]
[PlyCount "110"]
[EventDate "2019.??.??"]

1. Nf3 g6 2. e4 c5 3. d4 cxd4 4. Nxd4 Bg7 5. g3 Nc6 6. Ne2 Nf6 7. Bg2 d6 8.
Nbc3 Bd7 9. O-O h5 10. Bg5 Qa5 11. Qd2 Ne5 12. h4 Rc8 13. Rab1 Nc4 14. Qc1 Bg4
15. Nf4 Nh7 16. Nfd5 e6 17. Bh6 Be5 18. Ne3 Nxb2 19. Qxb2 Bxc3 20. Qxb7 Rc7 21.
Qb5+ Qxb5 22. Rxb5 Be2 23. Rb8+ Kd7 24. Rxh8 Bxh8 25. Rb1 Bd4 26. Rb4 Bb6 27.
Bf1 Bxf1 28. Nxf1 Rxc2 29. Be3 Bxe3 30. Nxe3 Rxa2 31. Rb7+ Ke8 32. Nc4 Ra6 33.
e5 dxe5 34. Nxe5 Nf6 35. Nxf7 Ng4 36. f3 Ne3 37. Ne5 Ra1+ 38. Kf2 Nf5 39. Nxg6
Ra2+ 40. Ke1 Ra1+ 41. Kd2 Rg1 42. g4 hxg4 43. fxg4 Rxg4 44. h5 Rg2+ 45. Kd3 a5
46. h6 Rg3+ 47. Kc2 Nxh6 48. Re7+ Kd8 49. Rxe6 Nf5 50. Ra6 Nd4+ 51. Kb2 Nb3 52.
Ne5 Kc7 53. Nc4 Kb7 54. Rb6+ Kc7 55. Rxb3 Rxb3+ 1/2-1/2

[Event "Oberhausener SV 2 - SV Welper 1"]
[Site "Regionalliga 2018/2019"]
[Date "2019.04.07"]
[Round "9.8"]
[White "Hombrecher, Kai"]
[Black "Marx, Patrick"]
[Result "0-1"]
[WhiteElo "1816"]
[BlackElo "1925"]
[Annotator "Daniel"]
[PlyCount "112"]
[EventDate "2019.??.??"]

1. Nf3 d5 2. g3 Nf6 3. Bg2 c5 4. c4 e6 5. O-O Be7 6. cxd5 exd5 7. d4 b6 8. Nc3
Bb7 9. Bg5 Nbd7 10. Ne5 cxd4 11. Qxd4 O-O 12. Rfd1 Bc5 13. Qf4 Nxe5 14. Qxe5
Bxf2+ 15. Kf1 Ng4 16. Qf5 Ne3+ 17. Bxe3 Bxe3 18. Nxd5 Bc5 19. b4 Bd6 20. Be4 g6
21. Nf6+ Kg7 22. Qf3 Qxf6 23. Qxf6+ Kxf6 24. Bxb7 Rad8 25. Rab1 Rfe8 26. Rd3
Re5 27. Rbd1 Ke7 28. e4 Rb8 29. Bc6 Bxb4 30. Rd7+ Kf8 31. Rxa7 Rc8 32. Bd5 Re7
33. Ra4 Ba5 34. Bb3 Rce8 35. Bc2 Rc8 36. Bd3 Rd7 37. Ke2 Rc3 38. e5 Re7 39. Re4
Rc5 40. Kf3 Rcxe5 41. Rxe5 Rxe5 42. Kf4 $11 Re7 43. Bb5 Rc7 44. a4 Rc2 45. Rd8+
Kg7 46. h4 Be1 47. Re8 Rf2+ 48. Kg4 Bb4 49. Rd8 Bc5 50. Rd7 h5+ 51. Kh3 Rc2 52.
Rd3 f5 53. Be8 Bg1 54. Rd7+ Kh6 55. g4 hxg4+ 56. Kg3 Bh2# 0-1

[Event "SF Essen-Katernberg  2 - SG Bochum 2"]
[Site "Regionalliga 2018/2019"]
[Date "2019.04.07"]
[Round "9.1"]
[White "Tkachuk, Konstantyn"]
[Black "Bee, Marcus"]
[Result "1/2-1/2"]
[WhiteElo "2252"]
[BlackElo "2147"]
[PlyCount "41"]
[EventDate "2019.??.??"]

1. e4 e6 2. d4 d5 3. exd5 exd5 4. Nf3 Bd6 5. c4 c6 6. Nc3 Ne7 7. c5 Bc7 8. Bd3
Bf5 9. O-O Bxd3 10. Qxd3 O-O 11. Ng5 Ng6 12. f4 h6 13. f5 Nf4 14. Bxf4 Bxf4 15.
Rxf4 Qxg5 16. Raf1 Nd7 17. Ne2 Rae8 18. Ng3 Re1 19. Rxe1 Qxf4 20. Qe3 Qxe3+ 21.
Rxe3 1/2-1/2

[Event "SF Essen-Katernberg  2 - SG Bochum 2"]
[Site "Regionalliga 2018/2019"]
[Date "2019.04.07"]
[Round "9.4"]
[White "Dette, Jan"]
[Black "Rempe, Moritz"]
[Result "1-0"]
[WhiteElo "2090"]
[BlackElo "2011"]
[PlyCount "51"]
[EventDate "2019.??.??"]

1. e4 e6 2. d4 d5 3. Nd2 dxe4 4. Nxe4 Bd7 5. Nf3 Bc6 6. Bd3 Nd7 7. O-O Ngf6 8.
Ng3 Bd6 9. Re1 O-O 10. Ne5 Re8 11. c4 Nf8 12. Nxc6 bxc6 13. Ne4 Bb4 14. Nxf6+
Qxf6 15. Re5 h6 16. c5 Nd7 17. Re4 Rad8 18. Be3 Qe7 19. Rc1 Nf6 20. Rh4 Nd5 21.
g3 Nxe3 22. fxe3 Qg5 23. Qe2 e5 24. dxe5 Rxd3 25. Qxd3 Rd8 26. Rd4 1-0

[Event "SF Essen-Katernberg  2 - SG Bochum 2"]
[Site "Regionalliga 2018/2019"]
[Date "2019.04.07"]
[Round "9.5"]
[White "Biermann, Lenhard"]
[Black "Dahm, Bernd"]
[Result "1/2-1/2"]
[WhiteElo "2073"]
[BlackElo "2080"]
[Annotator "Daniel"]
[PlyCount "49"]
[EventDate "2019.??.??"]

1. d4 Nf6 2. Nf3 e6 3. c4 d5 4. g3 Be7 5. Bg2 O-O 6. O-O dxc4 7. Na3 c5 8. dxc5
Bxc5 9. Nxc4 Nc6 10. Bg5 h6 11. Qxd8 Rxd8 12. Bxf6 gxf6 13. Nfd2 Bd7 14. Nb3
Bb4 15. a3 Be7 16. Rfd1 Rac8 17. Nd6 Bxd6 18. Rxd6 Be8 19. Rxd8 Nxd8 $11 20.
Rc1 Rxc1+ 21. Nxc1 Kf8 22. Kf1 Ke7 23. Ke1 Kd6 24. Kd2 Bc6 25. Bxc6 1/2-1/2

[Event "SF Essen-Katernberg  2 - SG Bochum 2"]
[Site "Regionalliga 2018/2019"]
[Date "2019.04.07"]
[Round "9.6"]
[White "Gorainow, Nikita"]
[Black "Biermann, Florian"]
[Result "1-0"]
[WhiteElo "1946"]
[BlackElo "2010"]
[PlyCount "71"]
[EventDate "2019.??.??"]

1. e4 c5 2. Nf3 d6 3. d4 cxd4 4. Nxd4 Nf6 5. Nc3 a6 6. g3 e5 7. Nde2 Nbd7 8. a4
b6 9. Bg2 Bb7 10. O-O Rc8 11. Be3 Be7 12. f3 Nc5 13. Qd2 h5 14. Rad1 Qd7 15. b3
h4 16. gxh4 Qc7 17. Ng3 g6 18. Nd5 Bxd5 19. exd5 Nh5 20. f4 exf4 21. Bxf4 Nd7
22. Nxh5 Rxh5 23. Rde1 Ne5 24. c4 Bf6 25. Bg5 Bxg5 26. hxg5 Qc5+ 27. Kh1 Rc7
28. Qf4 Re7 29. Qf6 Rh4 30. Qg7 Kd7 31. Rf6 Qd4 32. Qf8 Rxh2+ 33. Kxh2 Qh4+ 34.
Bh3+ Ng4+ 35. Kg2 Qxe1 36. Bxg4+ 1-0

[Event "SF Essen-Katernberg  2 - SG Bochum 2"]
[Site "Regionalliga 2018/2019"]
[Date "2019.04.07"]
[Round "9.7"]
[White "Kitte, Sebastian"]
[Black "Schimnatkowski, Lukas"]
[Result "1/2-1/2"]
[WhiteElo "2169"]
[BlackElo "2099"]
[Annotator "Daniel"]
[PlyCount "109"]
[EventDate "2019.??.??"]

1. d4 Nf6 2. c4 c5 3. d5 e5 4. Nc3 d6 5. e4 Be7 6. h3 Nbd7 7. Nf3 a6 8. a4 Rb8
9. a5 O-O 10. g4 b6 11. axb6 Rxb6 12. Qc2 Ne8 13. Bd3 Kh8 14. Nd1 g6 15. Bd2
Rb4 16. Ke2 Qb6 17. Bc3 Ng7 18. Ne3 Qb8 19. Qd2 Rb6 20. Rag1 Nf6 21. h4 Bd7 22.
Rg2 Qc8 23. Rhg1 Ng8 24. h5 g5 25. Ra1 h6 26. Nh2 Qb7 27. f3 Ra8 28. Kf1 Bd8
29. Re2 Qb8 30. Nd1 Ne7 31. Kg1 Rb7 32. Bc2 Ne8 33. Nf1 Nf6 34. Nfe3 Be8 35.
Qc1 a5 36. Ba4 Kg8 37. Nf2 Ra6 38. Nd3 Kf8 39. Nd1 Rba7 40. Be1 Bxa4 41. Rxa4
Nd7 42. Ne3 Nb6 43. Ra3 a4 44. Nf2 Nbc8 45. Nfd1 Qa8 $11 46. Qc2 Ba5 47. Rxa4
Nb6 48. Rxa5 Rxa5 49. Bxa5 Rxa5 50. Nc3 Ke8 51. Re1 Kd7 52. Rb1 Ra1 53. b3 Qa5
54. Kf2 Na8 55. Qb2 1/2-1/2